00921nam a2200229 i 450000100060000000300090000600500170001500700030003200800410003510000380007624501150011425000150022926000340024430000220027870000400030070000300034085200310037085200310040199900170043295201210044995201210057061941ES-MaACL20250831063033.0t|031114s1974 sp ||||1| spa d1 aFebvre, Lucien,d1878-195694904710aCombates por la historia / cLucien Febvre ; traducción de Francisco J. Fernández Buey y Enrique Argullol. a[3ª ed.]. aBarcelona : bAriel, c[1974] a246 p. ; c18 cm.1 aFernández Buey, Francisco.9495261 aArgullol, Enrique.922729 aES-MaACLjE-5569 bR.89963 aES-MaACLjE-5983 bR.90164 c61941d61941 00104070aATENEOMbATENEOMcDEPO2d2008-01-17eSCl0oE-5983p1064943r2023-02-23 00:00:00w2023-02-23yMONOGRAFIA 00104070aATENEOMbATENEOMcDEPO2d2008-01-17eSCl0oE-5569p1064942r2023-02-23 00:00:00w2023-02-23yMONOGRAFIA